| 000 | 00334nam a22001337a 4500 | ||
|---|---|---|---|
| 008 | 171002b xxu||||| |||| 00| 0 eng d | ||
| 020 | _a9780766825444 | ||
| 041 | _aeng | ||
| 080 | _a37 | ||
| 100 | _a37 | ||
| 101 | _aedu | ||
| 245 |
_aAUTHENTIC CHILDHOOG EXPLORING REGGIO EMILIIN THE CLASSROOM _cFRASER.S |
||
| 942 |
_2udc _cBK |
||
| 999 |
_c31107 _d31107 |
||